01019nam a2200241Ia 4500001000700000003000500007008004100012010001100053020002200064040000900086082002200095100003700117245011700154260005600271300001100327440006900338503006600407504002700473650004800500650015000548700003700698700004200735Z_2670CHAP220113s2017 xx 000 0 und d a165731 a978-607-12-0436-3 cCHAP a378.01397252 P47 aPérez Samaniego, M. del Carmen aPerfil de egreso 2010 /cMa. del Carmen Pérez Samaniego, Rosa María Livera Muñoz y Eduardo Carranza Ayala aMéxico :bUniversidad Autónoma Chapingo,c2017 a126 p. aNueva Serie de estudios especiales sobre la Universidad; núm.1 aej.1: donación octubre 2017 \ ej.2: donación octubre 2017 aBibliografía: p. 126 aEducación superior xx México (Estado) aGraduados de universidades agricolas xx Estadísticas xx México (Estado)Educación superior xx Aspectos sociales xx México (Estado) a Carranza Ayala, Eduardo, coaut. aLivera Muñoz, Rosa María, coaut.